| 000 | 00790 a2200241 4500 | ||
|---|---|---|---|
| 005 | 20260121101549.0 | ||
| 008 | 260120b |||||||| |||| 00| 0 eng d | ||
| 020 |
_a9783031469497 _cRs. 1595.00 |
||
| 040 | _aMAIN | ||
| 082 |
_a303.4840954 _bP97S |
||
| 100 | _aPurakayastha, Anindya Sekhar | ||
| 245 | _aSocial movements, media and civil society in contemporary India: Historical trajectories of public protest and political mobilisation | ||
| 260 |
_bPalgrave Macmillan _c2024 _aSwitzerland |
||
| 300 | _axiii, 203 | ||
| 440 | _aPalgrave Studies in the History of Social Movements | ||
| 650 | _aSociology | ||
| 650 | _aSocial Movements | ||
| 650 | _aSocial Processes | ||
| 650 | _aCivil Society-India | ||
| 700 | _aDutta, Manas | ||
| 700 | _aGhosh, Tirthankar | ||
| 942 | _cBK | ||
| 999 |
_c394607 _d394607 |
||